Les principaux joueurs du FC Barcelone (2017-2018) - Statistiques

Statistiques générales
  • Ce quiz a été pris 668 fois
  • Le résultat moyen est 13 sur 18
Statistiques - réponses
Indice Numéro Joueur % Correct
Attaquant argentin 10 Lionel Messi
98%
Défenseur espagnol 3 Gérard Piqué
96%
Attaquant uruguayen 9 Luis Suárez
96%
Gardien allemand 1 Marc-André ter Stegen
96%
Milieu croate 4 Ivan Rakitić
91%
Défenseur français 23 Samuel Umtiti
91%
Milieu espagnol 8 Andrés Iniesta
84%
Milieu espagnol 5 Sergio Busquets
84%
Défenseur espagnol 18 Jordi Alba
83%
Défenseur argentin 14 Javier Mascherano
75%
Défenseur portugais 2 Nélson Semedo
74%
Milieu turc 7 Arda Turan
67%
Défenseur français 19 Lucas Digne
59%
Milieu portugais 21 André Gomes
56%
Défenseur belge 15 Thomas Vermaelen
52%
Milieu brésilien 15 Paulinho
46%
Défenseur espagnol 22 Aleix Vidal
24%
Attaquant espagnol 16 Gerard Deulofeu
24%
Aucun quiz correspondant
Distribution des résultats
% des personnes avec chaque résultat
Percentile par nombre de réponses
Votre historique - résultats
Vous n’avez pas pris ce quiz